Discographie - Dali - Statistiques

Statistiques générales
  • Ce quiz a été pris 158 fois
  • Le résultat moyen est 17 sur 32
Statistiques - réponses
Hint Réponse % Correct
Muse Carcan de cuir
87%
Magazine Valentina
81%
Marilyn lov
77%
Single Detestable
75%
Marilyn Gaga
75%
Single Hollywood
74%
Marilyn Anderson Paak
73%
Muse Jalil
72%
Marilyn Tout va bien
71%
Marilyn Chanson triste
68%
Muse Bardot
64%
Muse Madeleine
64%
Magazine Saint Laurent
64%
Magazine Mes Rêves
63%
Magazine Ave Maria
62%
Single Vlog
61%
Marilyn Seigneur
59%
Magazine Garçon
58%
Magazine Lambo Blanche
56%
Muse Poster
56%
Marilyn lesdeuxpiedscontrelemur
54%
Magazine Rose pleure
51%
Muse Des grillz et du grunge
48%
Marilyn Obsessionel
40%
Muse Un peu émue
36%
Bleu & Nuit Bleu & Nuit
34%
Magazine Obsession nonchalente
26%
Muse 4¿ntent¿on
21%
Bleu & Nuit Coeur
20%
Bleu & Nuit Pogo
19%
Bleu & Nuit Toshiba
19%
Bleu & Nuit Encore une fois
10%
Aucun quiz correspondant
Distribution des résultats
% des personnes avec chaque résultat
Percentile par nombre de réponses
Votre historique - résultats
Vous n’avez pas pris ce quiz